| 000 | 00774cam a2200241 a 4500 | ||
|---|---|---|---|
| 001 | 4505302 | ||
| 005 | 20180313095746.0 | ||
| 008 | 980330s1998 caua bfs 001 0 eng | ||
| 010 | _a 98009093 | ||
| 020 | _a0787940992 | ||
| 040 |
_aDLC _cDLC _dDLC |
||
| 041 | _aeng | ||
| 043 | _an-us--- | ||
| 080 | _a352.60973 CON | ||
| 082 | 0 | 0 |
_a352.60973 CON _221 |
| 100 | _a54 | ||
| 101 | _aMAN | ||
| 245 | 0 | 0 |
_aHandbook of human resource management in government / _cStephen E. Condrey, editor. |
| 504 | _aIncludes bibliographical references and indexes. | ||
| 906 |
_a7 _bcbc _corignew _d1 _eocip _f19 _gy-gencatlg |
||
| 942 |
_2ddc _cBK |
||
| 999 |
_c44916 _d44916 |
||